000 00440nam a2200169 4500
001 113750
003 ES-MaACL
005 20230906190009.0
007 t|
008 061121s1950 sp r ||||1| cat d
100 1 _aNogués, Xavier.
_985890
245 1 0 _a50 ninots /
_cXavier Nogués.
250 _a2ª. ed.
260 _aBarcelona :
_bOssa Menor,
_c1950.
300 _a6 h., 50 lám. ;
_c25 cm.
852 _aES-MaACL
_jD-6891
_bR.31024
999 _c113750
_d113750